Movie by Spoiler Quiz Stats

Quiz Updated Jun 20, 2016

Also try: Movie Spoilers
Challenge
Share
Tweet
Embed
Score 0/45 Timer 10:00
0 Plays Today
% Correct
The Empire Strikes Back
96.1%
The Sixth Sense
92.3%
Psycho
88.7%
Saving Private Ryan
88%
The Wizard of Oz
87.4%
Gladiator
81.4%
Fight Club
79.4%
Inglourious Basterds
79.2%
Planet of the Apes
73.3%
Se7en
72.8%
Gran Torino
72.5%
The Green Mile
70.3%
Citizen Kane
70%
The Prestige
67.2%
The Great Escape
66.7%
American Psycho
65.2%
The Others
64.2%
Reservoir Dogs
64%
Bonnie and Clyde
63.5%
Unbreakable
62.8%
Pulp Fiction
62.2%
Scream
61.1%
The Usual Suspects
58.7%
% Correct
Soylent Green
58.5%
Casablanca
57.6%
Saw
57.5%
Memento
56.7%
The Village
55.9%
Das Boot
54%
Burn After Reading
53.1%
The Crying Game
49.7%
Vertigo
49.4%
A Beautiful Mind
48.8%
Butch Cassidy and the Sundance Kid
48.1%
Twelve Monkeys
45.9%
Identity
41.9%
The Life of David Gale
41.9%
The Wicker Man
41.6%
Primal Fear
40.7%
Eastern Promises
38%
Dark City
35.3%
Chinatown
34.4%
Mulholland Dr.
32.5%
Les Diaboliques
24.8%
The Third Man
24%

You're not logged in!

Compare scores with friends on all Sporcle quizzes.
Join for Free
OR
Log In

You Might Also Like...

Show Comments

Extras

Top Quizzes Today


Score Distribution

Your Account Isn't Verified!

In order to create a playlist on Sporcle, you need to verify the email address you used during registration. Go to your Sporcle Settings to finish the process.

Report this User

Report this user for behavior that violates our Community Guidelines.

Details: